[Event "XVII. DBMM Schach"]
[Site "Berlin"]
[Date "2017.11.04"]
[Round "5.3"]
[White "Gempe, Anet"]
[Black "Broksch, Dirk"]
[Result "1/2-1/2"]
[WhiteElo "1997"]
[BlackElo "1902"]
[Annotator "br"]
[PlyCount "80"]
[EventDate "2017.??.??"]
[EventType "team-swiss"]
[EventRounds "7"]
[EventCountry "GER"]
[SourceTitle "XVII. DBMM 2017"]
[Source "FV Schach e.V."]
[SourceDate "2018.05.26"]
[SourceVersion "1"]
[SourceVersionDate "2018.05.26"]
[SourceQuality "1"]
[WhiteTeam "ADAC Muenchen"]
[BlackTeam "RWE Essen"]
[WhiteTeamCountry "GER"]
[BlackTeamCountry "GER"]

1. e4 c5 2. Nf3 e6 3. a3 a6 4. d4 cxd4 5. Nxd4 d6 6. Nc3 Nf6 7. Be2 Be7 8. O-O
Qc7 9. Be3 Nbd7 10. f3 b6 11. Qe1 Bb7 12. Qf2 O-O 13. Rfd1 d5 14. exd5 Nxd5 15.
Nxd5 Bxd5 16. c3 Rfd8 17. Rd2 Bb7 18. Rad1 Bf8 19. Nb3 Bc6 20. Nd4 Bb7 21. Bg5
Nf6 22. Nb3 Rxd2 23. Rxd2 Be7 24. Bh4 Rd8 $11 25. Rxd8+ Qxd8 26. Qd4 Qxd4+ 27.
Nxd4 Kf8 28. c4 Ke8 29. b4 Kd7 30. Bf2 Kc7 31. Bd3 h6 32. Bg3+ Kd7 33. Ne2 Bd6
34. Bxd6 Kxd6 35. Kf2 Nd7 36. f4 e5 37. g3 exf4 38. Nxf4 Ne5 39. Ke3 g5 40. Ne2
f5 1/2-1/2

[Event "XVII. DBMM Schach"]
[Site "Berlin"]
[Date "2017.11.04"]
[Round "5.1"]
[White "Blum, Norbert"]
[Black "Michel, Steffen"]
[Result "1/2-1/2"]
[WhiteElo "1995"]
[BlackElo "2237"]
[Annotator "br"]
[PlyCount "180"]
[EventDate "2017.??.??"]
[EventType "team-swiss"]
[EventRounds "7"]
[EventCountry "GER"]
[SourceTitle "XVII. DBMM 2017"]
[Source "FV Schach e.V."]
[SourceDate "2018.05.26"]
[SourceVersion "1"]
[SourceVersionDate "2018.05.26"]
[SourceQuality "1"]
[WhiteTeam "Sparkassen-Vers. Stuttgart"]
[BlackTeam "Deutsche Bahn/BSW Berlin II"]
[WhiteTeamCountry "GER"]
[BlackTeamCountry "GER"]

1. e4 c5 2. c3 e6 3. d4 cxd4 4. cxd4 d5 5. e5 a6 6. Nf3 Bd7 7. Nc3 Bb4 8. Bd2
Nc6 9. a3 Bxc3 10. Bxc3 Na5 11. Bxa5 Qxa5+ 12. Qd2 Qb6 13. Bd3 Ne7 14. O-O h6
15. Rac1 Bb5 16. Rc3 Bxd3 17. Rxd3 Rc8 18. Rc1 O-O 19. Rxc8 Rxc8 20. Rc3 Rxc3
21. Qxc3 Nc6 22. Kf1 Qb5+ 23. Ke1 Qa4 24. b4 g6 25. h4 a5 26. bxa5 Nxa5 27. Nd2
Kg7 28. g3 Nc6 29. Nf3 Qb5 30. Nd2 Qa6 31. Nf3 Qa4 32. Ke2 Qb5+ 33. Ke1 Qb1+
34. Ke2 Qe4+ 35. Kf1 Ne7 36. Nd2 Qg4 37. Ke1 Nf5 38. Nf3 Qe4+ 39. Kf1 b6 40.
Kg1 Qe2 41. Kg2 Qe4 42. Kf1 Qg4 43. Kg2 g5 44. hxg5 hxg5 45. Qd3 Kh6 46. Kg1
Kg6 47. Kg2 Qe4 48. Qxe4 dxe4 49. Nd2 Nxd4 50. Nxe4 Nc6 51. f4 gxf4 52. gxf4
Kf5 53. Kf3 Nd4+ 54. Ke3 Nc2+ 55. Kf3 Nxa3 56. Nd6+ Kg6 57. Ke4 b5 58. f5+ Kg7
59. f6+ Kg6 60. Kd4 b4 61. Kd3 Nb1 62. Kc2 Nc3 63. Kb3 Nd5 64. Kc4 Ne3+ 65.
Kxb4 Ng4 66. Nc4 Kf5 67. Nd6+ Kxe5 68. Nxf7+ Kxf6 69. Nd6 Ke5 70. Nf7+ Kd4 71.
Kb3 Kd3 72. Kb2 Ne3 73. Kc1 Ng2 74. Kd1 Nf4 75. Ke1 Nh3 76. Kd1 Ke3 77. Ke1 Kf4
78. Ke2 Ng1+ 79. Kf1 Nf3 80. Kf2 Nd4 81. Kf1 Kf5 82. Ke1 Nf3+ 83. Kf2 Nd2 84.
Ke3 Nc4+ 85. Kd4 Nb6 86. Ke3 Nc8 87. Nd8 e5 88. Nc6 e4 89. Nd4+ Ke5 90. Nf3+
exf3 1/2-1/2

[Event "XVII. DBMM Schach"]
[Site "Berlin"]
[Date "2017.11.04"]
[Round "5.2"]
[White "Jauk, Wilhelm"]
[Black "Bohne, Uwe"]
[Result "1/2-1/2"]
[WhiteElo "2132"]
[BlackElo "2032"]
[Annotator "br"]
[PlyCount "60"]
[EventDate "2017.??.??"]
[EventType "team-swiss"]
[EventRounds "7"]
[EventCountry "GER"]
[SourceTitle "XVII. DBMM 2017"]
[Source "FV Schach e.V."]
[SourceDate "2018.05.26"]
[SourceVersion "1"]
[SourceVersionDate "2018.05.26"]
[SourceQuality "1"]
[WhiteTeam "Deutsche Bahn/BSW Berlin II"]
[BlackTeam "Sparkassen-Vers. Stuttgart"]
[WhiteTeamCountry "GER"]
[BlackTeamCountry "GER"]

1. d4 Nf6 2. Nf3 g6 3. c4 c5 4. e3 Bg7 5. Be2 e6 6. O-O O-O 7. Nc3 d6 8. Qc2 a6
9. Rd1 Qc7 10. h3 b6 11. Bd2 Bb7 12. Rac1 Nc6 13. Qb1 Rac8 14. b3 Nd7 15. d5
Nce5 16. Nxe5 Nxe5 17. e4 exd5 18. Nxd5 Bxd5 19. exd5 a5 20. Bc3 Nd7 21. Re1
Rce8 22. Bf1 Qd8 $11 23. Qb2 Bxc3 24. Qxc3 Qf6 25. Qd2 Kg7 26. Rc3 Qd8 27. Rce3
Nf6 28. Qc3 Rxe3 29. Rxe3 Re8 30. Rf3 Re5 1/2-1/2

[Event "XVII. DBMM Schach"]
[Site "Berlin"]
[Date "2017.11.04"]
[Round "5.3"]
[White "Bischoff, Ulrich"]
[Black "Kuhne, Detlev"]
[Result "0-1"]
[WhiteElo "2072"]
[BlackElo "2136"]
[Annotator "br"]
[PlyCount "84"]
[EventDate "2017.??.??"]
[EventType "team-swiss"]
[EventRounds "7"]
[EventCountry "GER"]
[SourceTitle "XVII. DBMM 2017"]
[Source "FV Schach e.V."]
[SourceDate "2018.05.26"]
[SourceVersion "1"]
[SourceVersionDate "2018.05.26"]
[SourceQuality "1"]
[WhiteTeam "Sparkassen-Vers. Stuttgart"]
[BlackTeam "Deutsche Bahn/BSW Berlin II"]
[WhiteTeamCountry "GER"]
[BlackTeamCountry "GER"]

1. e4 Nf6 2. e5 Nd5 3. d4 d6 4. c4 Nb6 5. exd6 exd6 6. Be3 Nc6 7. b3 Be7 8. Nc3
Bf5 9. Rc1 O-O 10. Be2 Bg5 11. Nf3 Bxe3 12. fxe3 Re8 13. Qd2 Qe7 14. Kf2 a5 15.
a3 Bg4 16. Rhe1 a4 17. b4 Bxf3 18. gxf3 Qh4+ 19. Kg1 Qg5+ 20. Kf2 Re6 21. Bd3
Rae8 22. Ne4 Qh4+ 23. Kg1 d5 24. Ng3 dxc4 25. Bxc4 Nxc4 26. Rxc4 Ne5 27. dxe5
Qxc4 28. f4 Rc6 29. Nf5 Rg6+ 30. Kf2 Qc6 31. e4 h6 32. Qd5 Qc2+ 33. Re2 Rg2+
34. Kxg2 Qxe2+ 35. Kg3 h5 36. h3 Re6 37. Ne7+ Kh7 38. Qd8 h4+ 39. Kxh4 Rh6+ 40.
Kg3 Qe3+ 41. Kg2 Qxh3+ 42. Kf2 Qh2+ 0-1

[Event "XVII. DBMM Schach"]
[Site "Berlin"]
[Date "2017.11.04"]
[Round "5.4"]
[White "Strauss, Peter"]
[Black "Marten, Gero"]
[Result "0-1"]
[WhiteElo "1838"]
[BlackElo "2008"]
[Annotator "br"]
[PlyCount "56"]
[EventDate "2017.??.??"]
[EventType "team-swiss"]
[EventRounds "7"]
[EventCountry "GER"]
[SourceTitle "XVII. DBMM 2017"]
[Source "FV Schach e.V."]
[SourceDate "2018.05.26"]
[SourceVersion "1"]
[SourceVersionDate "2018.05.26"]
[SourceQuality "1"]
[WhiteTeam "Deutsche Bahn/BSW Berlin II"]
[BlackTeam "Sparkassen-Vers. Stuttgart"]
[WhiteTeamCountry "GER"]
[BlackTeamCountry "GER"]

1. d4 f5 2. c4 Nf6 3. Nc3 g6 4. Nf3 Bg7 5. Qc2 O-O 6. e4 fxe4 7. Nxe4 Nxe4 8.
Qxe4 c5 9. Qd5+ e6 10. Qxc5 d6 11. Qa3 Nc6 12. Be3 e5 13. dxe5 Rxf3 14. gxf3
Nxe5 15. O-O-O Bf5 16. Qxd6 Qe8 17. Qa3 Rc8 18. Rd4 Bf8 19. Qb3 b5 20. c5+ Be6
21. Qd1 Bxc5 22. Kb1 Bf5+ 23. Re4 Bxe3 24. fxe3 Qc6 25. Qb3+ Kg7 26. Bd3 Nxf3
27. Re7+ Kh6 28. Rd1 Nd2+ 0-1

[Event "XVII. DBMM Schach"]
[Site "Berlin"]
[Date "2017.11.04"]
[Round "5.1"]
[White "Humke, Andreas"]
[Black "Haenisch, Uwe"]
[Result "0-1"]
[WhiteElo "1961"]
[BlackElo "2195"]
[Annotator "br"]
[PlyCount "62"]
[EventDate "2017.??.??"]
[EventType "team-swiss"]
[EventRounds "7"]
[EventCountry "GER"]
[SourceTitle "XVII. DBMM 2017"]
[Source "FV Schach e.V."]
[SourceDate "2018.05.26"]
[SourceVersion "1"]
[SourceVersionDate "2018.05.26"]
[SourceQuality "1"]
[WhiteTeam "Gardez Robe Berlin"]
[BlackTeam "Deutsche Bahn/BSW Frankurt/M"]
[WhiteTeamCountry "GER"]
[BlackTeamCountry "GER"]

1. e4 Nf6 2. e5 Nd5 3. Nc3 Nb6 4. d4 d6 5. f4 dxe5 6. fxe5 Nc6 7. Nf3 Bg4 8.
Be3 e6 9. Bb5 Bb4 10. O-O Bxc3 11. bxc3 Qd5 12. Qe2 O-O 13. Bd3 f5 14. exf6
Rxf6 15. c4 Qh5 16. h3 Bxf3 17. Rxf3 Rxf3 18. Qxf3 Qxf3 19. gxf3 $11 Rd8 20.
Rd1 g6 21. c3 Kg7 22. Rb1 Ne5 23. dxe5 Rxd3 24. Bd4 Kh6 25. c5 Nd5 26. Rxb7 Kg5
27. Rxa7 Kf4 28. c4 Ne7 29. Rxc7 Nf5 30. Rd7 Nxd4 31. c6 Kg3 0-1

[Event "XVII. DBMM Schach"]
[Site "Berlin"]
[Date "2017.11.04"]
[Round "5.2"]
[White "Kopp, Jan"]
[Black "Hoffmann, Michael"]
[Result "1/2-1/2"]
[WhiteElo "2042"]
[BlackElo "1949"]
[Annotator "br"]
[PlyCount "54"]
[EventDate "2017.??.??"]
[EventType "team-swiss"]
[EventRounds "7"]
[EventCountry "GER"]
[SourceTitle "XVII. DBMM 2017"]
[Source "FV Schach e.V."]
[SourceDate "2018.05.26"]
[SourceVersion "1"]
[SourceVersionDate "2018.05.26"]
[SourceQuality "1"]
[WhiteTeam "Deutsche Bahn/BSW Frankurt/M"]
[BlackTeam "Gardez Robe Berlin"]
[WhiteTeamCountry "GER"]
[BlackTeamCountry "GER"]

1. d4 d5 2. c4 e6 3. Nc3 c6 4. cxd5 exd5 5. Nf3 Nf6 6. Bg5 h6 7. Bf4 Bf5 8. e3
Bd6 9. Ne5 Qc7 10. Bd3 Bxd3 11. Qxd3 Nbd7 12. Nxd7 Qxd7 13. Bxd6 Qxd6 14. O-O
O-O 15. Rab1 a5 16. a3 Nd7 17. Rfc1 Rfc8 18. Na4 b5 19. Nc5 Nb6 20. b3 a4 21.
bxa4 Nxa4 22. Nxa4 Rxa4 23. Rxb5 Rxa3 24. Qf5 Rb8 25. Rxb8+ Qxb8 26. Qd7 Rc3
27. Rf1 Rc2 1/2-1/2

[Event "XVII. DBMM Schach"]
[Site "Berlin"]
[Date "2017.11.04"]
[Round "5.3"]
[White "Hankow, Bert Juergen"]
[Black "Fernengel, Rudolf"]
[Result "1/2-1/2"]
[WhiteElo "2018"]
[BlackElo "1789"]
[Annotator "br"]
[PlyCount "150"]
[EventDate "2017.??.??"]
[EventType "team-swiss"]
[EventRounds "7"]
[EventCountry "GER"]
[SourceTitle "XVII. DBMM 2017"]
[Source "FV Schach e.V."]
[SourceDate "2018.05.26"]
[SourceVersion "1"]
[SourceVersionDate "2018.05.26"]
[SourceQuality "1"]
[WhiteTeam "Gardez Robe Berlin"]
[BlackTeam "Deutsche Bahn/BSW Frankurt/M"]
[WhiteTeamCountry "GER"]
[BlackTeamCountry "GER"]

1. d4 d5 2. c4 c6 3. Nc3 Nf6 4. Nf3 e6 5. cxd5 exd5 6. Bg5 Be7 7. Qc2 h6 8. Bh4
Bg4 9. Ne5 Bh5 10. e3 Nbd7 11. Nxd7 Qxd7 12. Bd3 Qg4 13. Bg3 Bg6 14. Bxg6 fxg6
15. f3 Qf5 16. O-O-O Qxc2+ 17. Kxc2 Nh5 18. Bf2 Rf8 19. g4 Rxf3 20. Rd2 Nf6 21.
Rg1 Ne4 22. Nxe4 dxe4 23. Rg3 Rxg3 24. Bxg3 Kd7 25. Rf2 Rf8 26. h3 Rxf2+ 27.
Bxf2 Ke6 28. a4 Kd5 29. b3 c5 30. dxc5 Bxc5 31. Kc3 Bd6 32. Kc2 Kc5 33. Be1 Be5
34. Bd2 Bf6 35. Be1 Kd5 36. Bf2 Kc5 37. Be1 Bg5 38. Bd2 Bh4 39. Kc3 Bg3 40. Kc2
Kd5 41. Bc3 Be5 42. Be1 Ke6 43. Kd2 Bc7 44. Ke2 Kd5 45. Bc3 Be5 46. Be1 Kc5 47.
Kd2 a6 48. Kc2 Kd6 49. Bf2 Ke6 50. Kd2 Kf6 51. Bh4+ Ke6 52. Bf2 Bc7 53. Kc3 Kd5
54. Kc2 Ba5 55. Bg3 Bb4 56. Bf2 Ke5 57. Bg3+ Kf6 58. Bh4+ Kf7 59. Bg3 Ke6 60.
Bf2 Ba5 61. Bg3 Kd5 62. Bf2 Bd8 63. Be1 Bg5 64. Bd2 Bh4 65. Bc3 Bf6 66. Bd2 Kc5
67. Be1 Bg5 68. Bd2 h5 69. Kc3 Bf6+ 70. Kc2 Bh4 71. Bc3 $11 Bf2 72. Bd2 Bg1 73.
Kc3 Kd5 74. Kc2 Ke5 75. Kc3 Kd5 1/2-1/2

[Event "XVII. DBMM Schach"]
[Site "Berlin"]
[Date "2017.11.04"]
[Round "5.4"]
[White "Neudel, Bernd"]
[Black "Goepel, Helmut"]
[Result "0-1"]
[WhiteElo "1869"]
[BlackElo "1767"]
[Annotator "br"]
[PlyCount "58"]
[EventDate "2017.??.??"]
[EventType "team-swiss"]
[EventRounds "7"]
[EventCountry "GER"]
[SourceTitle "XVII. DBMM 2017"]
[Source "FV Schach e.V."]
[SourceDate "2018.05.26"]
[SourceVersion "1"]
[SourceVersionDate "2018.05.26"]
[SourceQuality "1"]
[WhiteTeam "Deutsche Bahn/BSW Frankurt/M"]
[BlackTeam "Gardez Robe Berlin"]
[WhiteTeamCountry "GER"]
[BlackTeamCountry "GER"]

1. d4 f5 2. Nf3 Nf6 3. g3 e6 4. Bg2 Be7 5. b3 d5 6. Bb2 O-O 7. e3 c6 8. O-O Bd7
9. Ne5 Be8 10. Nd2 Nbd7 11. Ndf3 Bh5 12. Qd3 Bxf3 13. Bxf3 Qe8 14. Nxd7 Qxd7
15. Bg2 Rac8 16. Rfd1 Qe8 17. Rac1 Qh5 18. Rd2 Ng4 19. h3 Nf6 20. Qe2 Qg6 21.
Qe1 Ne4 22. Bxe4 fxe4 23. Kh2 Rf3 24. Qh1 Rcf8 25. Qg2 h5 26. Rg1 Bd6 27. Kh1
R8f6 28. Bc3 Qf7 29. Rf1 Bxg3 0-1

[Event "XVII. DBMM Schach"]
[Site "Berlin"]
[Date "2017.11.04"]
[Round "5.1"]
[White "Hedden, Helge"]
[Black "Feikes, Joerg"]
[Result "1/2-1/2"]
[WhiteElo "2112"]
[BlackElo "1971"]
[Annotator "br"]
[PlyCount "50"]
[EventDate "2017.??.??"]
[EventType "team-swiss"]
[EventRounds "7"]
[EventCountry "GER"]
[SourceTitle "XVII. DBMM 2017"]
[Source "FV Schach e.V."]
[SourceDate "2018.05.26"]
[SourceVersion "1"]
[SourceVersionDate "2018.05.26"]
[SourceQuality "1"]
[WhiteTeam "Baubehoerde Hamburg"]
[BlackTeam "BA Tempelhof Berlin II"]
[WhiteTeamCountry "GER"]
[BlackTeamCountry "GER"]

1. d4 d5 2. c4 e6 3. Nc3 c6 4. Nf3 Nf6 5. e3 Nbd7 6. Bd3 dxc4 7. Bxc4 b5 8. Bd3
Bb7 9. O-O b4 10. Na4 c5 11. dxc5 Nxc5 12. Nxc5 Bxc5 13. Qa4+ Ke7 14. Ba6 Bxa6
15. Qxa6 Qb6 16. Qe2 Qb7 17. b3 Ne4 18. Bb2 f6 19. Rac1 Rac8 20. Nd2 Nxd2 21.
Qxd2 Rhd8 22. Qe2 Bd6 23. e4 e5 24. Rfd1 Kf8 25. h3 Be7 1/2-1/2

[Event "XVII. DBMM Schach"]
[Site "Berlin"]
[Date "2017.11.04"]
[Round "5.2"]
[White "Schmidt, Joerg"]
[Black "Hein, Ralf"]
[Result "1-0"]
[WhiteElo "1781"]
[BlackElo "2045"]
[Annotator "br"]
[PlyCount "63"]
[EventDate "2017.??.??"]
[EventType "team-swiss"]
[EventRounds "7"]
[EventCountry "GER"]
[SourceTitle "XVII. DBMM 2017"]
[Source "FV Schach e.V."]
[SourceDate "2018.05.26"]
[SourceVersion "1"]
[SourceVersionDate "2018.05.26"]
[SourceQuality "1"]
[WhiteTeam "BA Tempelhof Berlin II"]
[BlackTeam "Baubehoerde Hamburg"]
[WhiteTeamCountry "GER"]
[BlackTeamCountry "GER"]

1. e4 c5 2. b3 e5 3. Bb2 d6 4. Nc3 Nc6 5. Bc4 Nf6 6. Nge2 Be7 7. O-O O-O 8. Ng3
Bg4 9. f3 Bd7 10. Nd5 a6 11. a4 Rb8 12. Nxe7+ Nxe7 13. f4 Ng6 14. fxe5 dxe5 15.
Be2 Be6 16. d3 b5 17. axb5 axb5 18. Nf5 c4 19. h4 Qc7 20. h5 Nf4 21. g3 Nxe2+
22. Qxe2 cxd3 23. cxd3 Qb6+ 24. Kg2 Bxb3 25. Bxe5 Ra8 26. Ne7+ Kh8 27. h6 Ne8
28. Rxa8 f6 29. hxg7+ Kxg7 30. Qg4+ Kf7 31. Nc8 Qc5 32. Ra7+ 1-0

[Event "XVII. DBMM Schach"]
[Site "Berlin"]
[Date "2017.11.04"]
[Round "5.3"]
[White "Buchholz, Robert"]
[Black "Thomas, Andreas"]
[Result "1/2-1/2"]
[WhiteElo "1961"]
[BlackElo "1852"]
[Annotator "br"]
[PlyCount "130"]
[EventDate "2017.??.??"]
[EventType "team-swiss"]
[EventRounds "7"]
[EventCountry "GER"]
[SourceTitle "XVII. DBMM 2017"]
[Source "FV Schach e.V."]
[SourceDate "2018.05.26"]
[SourceVersion "1"]
[SourceVersionDate "2018.05.26"]
[SourceQuality "1"]
[WhiteTeam "Baubehoerde Hamburg"]
[BlackTeam "BA Tempelhof Berlin II"]
[WhiteTeamCountry "GER"]
[BlackTeamCountry "GER"]

1. d4 Nf6 2. c4 e6 3. Nf3 d5 4. Nc3 Bb4 5. Bg5 O-O 6. e3 h6 7. Bxf6 Qxf6 8. Qb3
Bxc3+ 9. Qxc3 c6 10. b4 b6 11. a4 c5 12. cxd5 cxb4 13. Qxb4 Bb7 14. Bc4 exd5
15. Bd3 Nc6 16. Qb2 Rac8 17. O-O Rc7 18. Rfc1 Rfc8 19. Rc2 Na5 20. Rxc7 Rxc7
21. Ne5 Qd6 22. Rc1 Qd8 23. h3 Qc8 24. Rxc7 Qxc7 25. Bb5 f6 26. Ng6 Nc4 27. Qb4
Nd6 28. Bd3 Qc1+ 29. Kh2 Qc7 30. g3 Qd7 31. Nf4 Bc6 32. g4 f5 33. gxf5 Nxf5 34.
Ng6 Qc7+ 35. Kg1 Nd6 36. Ne5 Be8 37. Qb1 Qc8 38. Kh2 Qc3 39. Qg1 Ne4 40. Bxe4
dxe4 41. Qg4 Qc2 42. Kg2 Qxa4 43. Qxe4 Qb5 44. Qf5 a5 45. Qe6+ Kh7 46. d5 a4
47. d6 a3 48. d7 Bxd7 49. Nxd7 a2 50. Nf8+ Kh8 51. Qxa2 Qg5+ 52. Kh1 Qf5 53.
Qa8 Qxh3+ 54. Kg1 Qg4+ 55. Qg2 Qd1+ 56. Qf1 Qg4+ 57. Qg2 Qd1+ 58. Qf1 Qg4+ 59.
Kh2 Qh5+ 60. Qh3 Qf7 $11 61. Ne6 Qxf2+ 62. Kh1 Qe1+ 63. Kg2 Qe2+ 64. Kg1 Qe1+
65. Kg2 Qe2+ 1/2-1/2

[Event "XVII. DBMM Schach"]
[Site "Berlin"]
[Date "2017.11.04"]
[Round "5.4"]
[White "Baranowsky, Peter"]
[Black "Kaliski, Achim"]
[Result "1/2-1/2"]
[WhiteElo "1878"]
[BlackElo "1947"]
[Annotator "br"]
[PlyCount "25"]
[EventDate "2017.??.??"]
[EventType "team-swiss"]
[EventRounds "7"]
[EventCountry "GER"]
[SourceTitle "XVII. DBMM 2017"]
[Source "FV Schach e.V."]
[SourceDate "2018.05.26"]
[SourceVersion "1"]
[SourceVersionDate "2018.05.26"]
[SourceQuality "1"]
[WhiteTeam "BA Tempelhof Berlin II"]
[BlackTeam "Baubehoerde Hamburg"]
[WhiteTeamCountry "GER"]
[BlackTeamCountry "GER"]

1. e4 e5 2. Nf3 Nf6 3. Nc3 Nc6 4. Bb5 Nd4 5. Bc4 Nxf3+ 6. Qxf3 d6 7. h3 Be6 8.
Bb3 Bxb3 9. axb3 c6 10. Qe3 a6 11. d4 Be7 12. dxe5 dxe5 13. O-O 1/2-1/2

[Event "XVII. DBMM Schach"]
[Site "Berlin"]
[Date "2017.11.04"]
[Round "5.1"]
[White "Segerberg, Tomas"]
[Black "Domingo, Miguel"]
[Result "1/2-1/2"]
[WhiteElo "2103"]
[BlackElo "2184"]
[Annotator "br"]
[PlyCount "64"]
[EventDate "2017.??.??"]
[EventType "team-swiss"]
[EventRounds "7"]
[EventCountry "GER"]
[SourceTitle "XVII. DBMM 2017"]
[Source "FV Schach e.V."]
[SourceDate "2018.05.26"]
[SourceVersion "1"]
[SourceVersionDate "2018.05.26"]
[SourceQuality "1"]
[WhiteTeam "SV Osram Berlin II"]
[BlackTeam "Europäisches Patentamt Muenchen"]
[WhiteTeamCountry "GER"]
[BlackTeamCountry "GER"]

1. c4 c5 2. Nf3 Nf6 3. d4 g6 4. Nc3 cxd4 5. Nxd4 Nc6 6. e4 Nxd4 7. Qxd4 d6 8.
Be2 Bg7 9. Be3 O-O 10. Qd2 Qa5 11. f3 Be6 12. Nd5 Qxd2+ 13. Kxd2 Nxd5 14. cxd5
Bd7 15. Rac1 Rfc8 16. b3 Bb2 17. Rc2 Rxc2+ 18. Kxc2 Ba3 19. Kb1 a5 20. Bc1 Bxc1
21. Rxc1 Rc8 22. Rxc8+ Bxc8 23. b4 axb4 24. Kb2 f5 25. Kb3 b6 26. Kxb4 Bd7 27.
Bb5 Bc8 28. Bc6 fxe4 29. fxe4 Ba6 30. Bb5 Bc8 31. Bc6 Ba6 32. Bb5 Bc8 1/2-1/2

[Event "XVII. DBMM Schach"]
[Site "Berlin"]
[Date "2017.11.04"]
[Round "5.2"]
[White "Bohnhoff, Peter"]
[Black "Mayer, Herbert"]
[Result "1/2-1/2"]
[WhiteElo "2042"]
[BlackElo "1859"]
[Annotator "hm"]
[PlyCount "37"]
[EventDate "2017.??.??"]
[EventType "team-swiss"]
[EventRounds "7"]
[EventCountry "GER"]
[SourceTitle "XVII. DBMM 2017"]
[Source "FV Schach e.V."]
[SourceDate "2018.05.26"]
[SourceVersion "1"]
[SourceVersionDate "2018.05.26"]
[SourceQuality "1"]
[WhiteTeam "Europäisches Patentamt Muenchen"]
[BlackTeam "SV Osram Berlin II"]
[WhiteTeamCountry "GER"]
[BlackTeamCountry "GER"]

1. d4 d5 2. Nf3 Nf6 3. e3 g6 4. c4 Bg7 5. cxd5 Nxd5 6. Nc3 O-O 7. Bc4 Nxc3 8.
bxc3 c5 9. O-O Nc6 10. Ba3 cxd4 11. cxd4 Na5 12. Bd3 Re8 13. Qa4 Nc6 14. Rab1
Qa5 15. Qxa5 Nxa5 16. Bb5 Nc6 17. d5 a6 18. Be2 Ne5 19. Rfe1 1/2-1/2

[Event "XVII. DBMM Schach"]
[Site "Berlin"]
[Date "2017.11.04"]
[Round "5.3"]
[White "Genz, Andreas"]
[Black "Bumes, Konrad"]
[Result "0-1"]
[WhiteElo "1640"]
[BlackElo "1933"]
[Annotator "ag"]
[PlyCount "60"]
[EventDate "2017.??.??"]
[EventType "team-swiss"]
[EventRounds "7"]
[EventCountry "GER"]
[SourceTitle "XVII. DBMM 2017"]
[Source "FV Schach e.V."]
[SourceDate "2018.05.26"]
[SourceVersion "1"]
[SourceVersionDate "2018.05.26"]
[SourceQuality "1"]
[WhiteTeam "SV Osram Berlin II"]
[BlackTeam "Europäisches Patentamt Muenchen"]
[WhiteTeamCountry "GER"]
[BlackTeamCountry "GER"]

1. c4 c6 2. Nf3 d5 3. d4 Bf5 4. Bf4 e6 5. e3 Bd6 6. Bxd6 Qxd6 7. Nc3 Nd7 8.
cxd5 exd5 9. Be2 Ngf6 10. O-O O-O 11. Rc1 h6 12. h3 Rfe8 13. Re1 Ne4 14. Nxe4
dxe4 15. Nd2 Nb6 16. Nf1 Nd5 17. Ng3 Bg6 18. Bc4 Nb4 19. Rc3 b5 20. Bb3 Rac8
21. a3 Nd3 22. Re2 Red8 23. Rec2 a5 24. Qg4 a4 25. Ba2 b4 26. Rxd3 exd3 27. Rc5
b3 28. Bb1 Qxc5 29. dxc5 d2 30. Bxg6 d1=Q+ 0-1

[Event "XVII. DBMM Schach"]
[Site "Berlin"]
[Date "2017.11.04"]
[Round "5.4"]
[White "Santos, Paulo"]
[Black "Benten, Wolfgang"]
[Result "1-0"]
[WhiteElo "1817"]
[BlackElo "1556"]
[Annotator "br"]
[PlyCount "71"]
[EventDate "2017.??.??"]
[EventType "team-swiss"]
[EventRounds "7"]
[EventCountry "GER"]
[SourceTitle "XVII. DBMM 2017"]
[Source "FV Schach e.V."]
[SourceDate "2018.05.26"]
[SourceVersion "1"]
[SourceVersionDate "2018.05.26"]
[SourceQuality "1"]
[WhiteTeam "Europäisches Patentamt Muenchen"]
[BlackTeam "SV Osram Berlin II"]
[WhiteTeamCountry "GER"]
[BlackTeamCountry "GER"]

1. e4 c5 2. Nc3 d6 3. g3 Nf6 4. Bg2 Nc6 5. d3 e6 6. f4 a6 7. Nge2 Be7 8. O-O
O-O 9. h3 Bd7 10. Be3 b5 11. a3 b4 12. axb4 cxb4 13. Na4 Rb8 14. g4 h6 15. d4
Qc7 16. b3 a5 17. Nb2 d5 18. e5 Ne4 19. Bxe4 dxe4 20. Ng3 f5 21. exf6 gxf6 22.
Nxe4 f5 23. Ng3 Kh7 24. Nc4 Bd6 25. d5 exd5 26. Qxd5 Be7 27. Rad1 Bc8 28. Ne5
Nxe5 29. Qxe5 Qxe5 30. fxe5 fxg4 31. Rxf8 Bxf8 32. Rd8 Kg7 33. Nf5+ Kf7 34.
hxg4 Ke6 35. Rxf8 Kd7 36. Nd6 1-0

[Event "XVII. DBMM Schach"]
[Site "Berlin"]
[Date "2017.11.04"]
[Round "5.1"]
[White "Koerlin, Hans Juergen"]
[Black "Koscielski, Janusz"]
[Result "0-1"]
[WhiteElo "1845"]
[BlackElo "2337"]
[Annotator "br"]
[PlyCount "58"]
[EventDate "2017.??.??"]
[EventType "team-swiss"]
[EventRounds "7"]
[EventCountry "GER"]
[SourceTitle "XVII. DBMM 2017"]
[Source "FV Schach e.V."]
[SourceDate "2018.05.26"]
[SourceVersion "1"]
[SourceVersionDate "2018.05.26"]
[SourceQuality "1"]
[WhiteTeam "BA Tempelhof Berlin III"]
[BlackTeam "EKJ Herne und Wanne-Eickel"]
[WhiteTeamCountry "GER"]
[BlackTeamCountry "GER"]

1. e4 c5 2. Nc3 a6 3. Nf3 d6 4. Bc4 b5 5. Bd5 Ra7 6. a4 b4 7. Ne2 Nf6 8. d3 e6
9. Bb3 Nc6 10. c3 Be7 11. O-O O-O 12. h3 a5 13. Ng3 Ba6 14. Re1 d5 15. e5 Nd7
16. Be3 Rb7 17. Rc1 Ncxe5 18. Nxe5 Nxe5 19. Bxc5 Nxd3 20. Bxe7 Rxe7 21. Bc2
Nxc1 22. Qxc1 bxc3 23. bxc3 Rc7 24. Re5 g6 25. Qh6 Qf6 26. f4 Qg7 27. Qh4 h6
28. Nh5 gxh5 29. Rxh5 Rxc3 0-1